| 000 | 01100nam a2200301 i 4500 | ||
|---|---|---|---|
| 005 | 20260419121723.0 | ||
| 008 | 260419t20252001my o gr o001 0 may d | ||
| 020 |
_a9789836272270 _cRM52.00 _qpaperback |
||
| 040 |
_aPPAK _beng _cPPAK _erda |
||
| 082 | 0 | 4 |
_223 _a306.09595 |
| 090 | 0 | 0 |
_a306.09595 _bAAZ _dG |
| 100 | 0 |
_aA. Aziz Deraman, _cDato' Haji, _d1948- _eauthor. _q(Abdul Aziz Deraman) |
|
| 245 | 1 | 0 |
_aMASYARAKAT DAN KEBUDAYAAN MALAYSIA : _bSuatu Analisis Perkembangan Kebudayaan di Malaysia / _cA. AZIZ DERAMAN |
| 250 | _aEdisi Baharu | ||
| 264 | 1 |
_aKuala Lumpur : _bDewan Bahasa dan Pustaka, _c2025 |
|
| 264 | 4 | _c©2001 | |
| 300 |
_axxii, 214 pages : _bcolour photographs ; _c22 cm |
||
| 336 |
_atext _2rdacontent |
||
| 337 |
_aunmediated _2rdamedia |
||
| 338 |
_avolume _2rdacarrier |
||
| 500 | _aIncludes index. | ||
| 504 | _aBibliography: pages 201-206. | ||
| 650 | 1 | 0 |
_aCulture _zMalaysia |
| 650 | 2 | 0 |
_aGovernment publications _zMalaysia |
| 651 | 0 |
_aMalaysia _xSocial conditions |
|
| 651 | 0 |
_aMalaysia _xCultural policy |
|
| 942 |
_2ddc _cB |
||
| 999 |
_c203903 _d203903 |
||